| 000 | 01128nac a22003977a 4500 | ||
|---|---|---|---|
| 001 | BR9903286 | ||
| 003 | BR-BrBNA | ||
| 005 | 20240105122236.0 | ||
| 008 | 230509b bl.|||m| |||| 00| 0 por d | ||
| 040 |
_aBR-BrBNA _bpor _cBiblioteca Nacional de Agricultura |
||
| 072 | _aF01 | ||
| 090 | _a1030 BR9903286 | ||
| 100 | 1 | _aCoelho, Y. da S. | |
| 100 | 1 | _aCunha Sobrinho, A.P. da | |
| 100 | 1 | _aMagalhaes, A.F. de J. | |
| 100 | 1 | _aPassos, O.S. | |
| 100 | 1 | _aNascimento, A.S. do | |
| 100 | 1 | _aSantos Filho, H.P. | |
| 100 | 1 | _aSoares Filho, W. dos S. | |
| 110 | 1 |
_aCentro Nacional de Pesquisa de Mandioca e Fruticultura Tropical, Brasilia, DF (Brasil) _91784 |
|
| 245 | 1 | _aA cultura do limao-Taiti | |
| 250 | 1 | _a2. ed. | |
| 260 | 3 |
_aBrasilia, DF (Brasil): _c1998. |
|
| 300 | _a71 p. | ||
| 490 |
_aColecao Plantar (Brazil) _vno. 39 _x |
||
| 500 | _a5 tables | ||
| 650 | _aLimao Taiti | ||
| 650 | _aPlantio | ||
| 650 | _aClima | ||
| 650 | _aSolo | ||
| 650 | _aIrrigacao | ||
| 650 | _aControle Cultural | ||
| 650 | _aColheita | ||
| 909 |
_a202312 _bLúcia Elande _c55 _dLúcia Elande |
||
| 942 |
_2AGRIS _n0 _cMS |
||
| 999 |
_c289974 _d289974 |
||